|
|
|
|
| LEADER |
00000nas a2200000 a 4500 |
| 001 |
ssj0001454298 |
| 003 |
WaSeSS |
| 005 |
20200512172242.0 |
| 006 |
m d |
| 007 |
cr n |
| 008 |
050712c20059999nyuqr p s 0 a0eng c |
| 010 |
|
|
|a 2005214951
|
| 022 |
|
|
|l 1556-8520
|y 1556-8520
|
| 035 |
|
|
|a (WaSeSS)ssj0001454298
|
| 037 |
|
|
|b Nova Science Publishers, 400 Oser Ave., Ste. 1600, Hauppauge, NY 11788-3619
|
| 040 |
|
|
|a NSD
|b eng
|c NSD
|d DLC
|d NSD
|d OCLCQ
|d OCLCF
|d OCLCO
|d CUS
|d WaSeSS
|
| 042 |
|
|
|a nsdp
|a pcc
|
| 050 |
0 |
0 |
|a HD9000.1
|b .J679
|
| 082 |
1 |
0 |
|a 382
|2 13
|
| 222 |
|
0 |
|a Journal of international agricultural trade and developments
|
| 245 |
0 |
0 |
|a Journal of international agricultural trade and developments
|h [electronic resource] :
|b JIATD.
|
| 246 |
3 |
|
|a JIATD
|
| 260 |
|
|
|a Hauppauge, N.Y. :
|b Nova Science Publishers
|
| 310 |
|
|
|a Quarterly
|
| 362 |
1 |
|
|a Began in Aug. 2005.
|
| 506 |
|
|
|a License restrictions may limit access.
|
| 588 |
|
|
|a Description based on: Vol. 1, no. 2 (2005); title from cover.
|
| 650 |
|
0 |
|a Produce trade
|v Periodicals.
|
| 650 |
|
0 |
|a Agriculture
|x Economic aspects
|v Periodicals.
|
| 650 |
|
0 |
|a International trade
|v Periodicals.
|
| 650 |
|
7 |
|a Agriculture
|x Economic aspects.
|2 fast
|0 (OCoLC)fst00801415
|
| 650 |
|
7 |
|a International trade.
|2 fast
|0 (OCoLC)fst00977128
|
| 650 |
|
7 |
|a Produce trade.
|2 fast
|0 (OCoLC)fst01078136
|
| 655 |
|
0 |
|a Electronic journals.
|
| 850 |
|
|
|a DLC
|
| 856 |
4 |
0 |
|z Full text available from Research Library: 01/01/2011 to 07/31/2014
|u https://search.proquest.com/publication/2034839
|